Регионална библиотека "Любен Каравелов" - Русе

Увертюры и симфонические фрагменты опер (Запис номер 528106)

MARC детайли
000 -Лидер
Лидер 01602njm a2200313 i 4500
001 - Контролен номер на записа
Контролен № 005369930
003 - Код на организацията, давaща контролен номер
Код на организацията, даваща контролен номер BLK
005 - Дата и час на последна редакция
Дата и час на последна редакция 20250306135138.0
007 - Фиксирано поле за физическо описани
Физическо описание sd asmalaaahaa
008 - Елементи от данни с фиксирана дължина
Елементи с фиксирана дължина 120116s1974 ru ptnng rus
028 02 - PUBLISHER NUMBER
Издателски номер С10 15871-2
040 ## - Източник на каталожния запис
Код на библиотеката BLK
041 ## - Код за език
Език на записа Руски
Език за КДБФ Руски
080 ## - УДК
УДК текст Опера. Музикална драма. Романтична опера. Опера-приказка
УДК код 782.1
УДК – определител (086.72)
УДК – код + определител 782.1(086.72)
100 1# - Редна дума - Автор
R(LIN) 44950
Автор Вагнер, Рихард
245 ## - Сведения за заглавието
Заглавие Увертюры и симфонические фрагменты опер
Авторска отговорност Р. Вагнер; исп. Гос. академ. симф. оркестр СССР ; дир. Евгений Светланов
260 ## - Област на издателските данни
Място на издаване Москва
Име на издателя Мелодия
Година на издаване 1981
300 ## - Физическа характеристика
Брой страници 1 грамофонна плоча
Илюстрации 33 об/мин, стерео
Размер 30 см
380 ## - Жанр
Жанр Изкуство
500 ## - Общи забележки
Обща забележка 1 сторона<br/>Увертюра к опере "Нюрнбергские мейстерзингеры"<br/>Антракт к третьему действию оперы "Нюрнбергские мейстерзингеры"<br/>Шелест леса из оперы "Зигфрид"<br/><br/>2 сторона<br/>Вступление к опере "Парсифаль"<br/>Увертюра к опере "Летучий голландец"
650 #7 - Допълнително описание по предмет – тема
9 (RLIN) 165008
Предметна рубрика Опера
650 #7 - Допълнително описание по предмет – тема
9 (RLIN) 174542
Предметна рубрика Увертюри
650 #7 - Допълнително описание по предмет – тема
9 (RLIN) 153524
Предметна рубрика Диригенти
700 ## - Други автори (авторска отговорност)
9 (RLIN) 315710
Друг автор Светланов, Евгений Федорович
852 ## - Местоположение
Сигнатура (форматна) Ф ІІ 5589
Отдел Основен фонд - ползва се само за читалня
856 ## - Електронен адрес и достъп
Инструкция (цена за достъп) 0.00
Права за достъп disable
942 ## - АРТИКУЛИ
Вид на библиотечния документ Грамофонни плочи
Скрит в OPAC Не
944 ## - СЪЗДАВАНЕ И РЕДАКЦИЯ на ЗАПИСА
Дата на регистрацията/редакция Кети Илиева
Служител, извършил регистрацията/редакцията 30550
Създаване/Редакция
Статус, дата на статуса Кети Илиева
999 ## - СИСТЕМНИ КОНТРОЛНИ НОМЕРА
Koha biblionumber 528106
Koha biblioitemnumber 528106
Наличности
Код за отписване Код за изгубен артикул Източник на класификационната схема Код за повреда Коз за рестрикции Код за отдаване Артикулен № Име на библиотеката - собственик Име на библиотеката, в която се намира в момента Статус (Текущо местоположение) Дата на вписване в системата Местоположение - отдел Цена в лева Инвентарен номер Систематично азбучна сигнатура Баркод Цена в евро Служебен тип на артикула
  Не е изгубен Universal Decimal Classification Не е повреден само за читалня ползва се в читалня 962355 Регионална библиотека "Любен Каравелов" Русе Регионална библиотека "Любен Каравелов" Русе Хранилище 2025-03-06 Основен фонд - ползва се само за читалня 3.00 18199 Ф ІІ 5589 900000114565 1.53 Грамофонни плочи
Vip Innovations Ltd, Rousse, Bulgaria 2025